000 00590cam a22001814a 4500
020 _a2747543285
040 _cDLC
082 0 0 _a440 HAR 2003 A023 Or.
245 0 3 _aLe français, langue du monde /
260 _aParis :
_bHarmattan,
_cc2003.
300 _aviii, 269 p. ;
_c24 cm.
500 _aProceedings of a meeting organized by the Organisation internationale de la francophonie in Brussels in 2002.
650 0 _aFrench language
650 0 _aCommunication, International
700 1 _aAttali, Jacques.
710 2 _aOrganisation internationale de la francophonie.
942 _cEK
999 _c14165
_d14165